Liège - Choix Multiples - Statistiques

Statistiques générales
  • Ce quiz a été pris 1 809 fois
    1 650 depuis la dernière actualisation
  • Le résultat moyen est 5 sur 10
Statistiques - réponses
Question Réponse % Correct
Quel quartier de Liège est fortement apprécié par les étudiants pour les nombreux bars s'y trouvant dans un espace piétonnier ? Le Carré
69%
Quel romancier belge, créateur de Maigret, est né à Liège en 1903 ? Georges Simenon
67%
Quel surnom donne-t-on à la ville de Liège ? La Cité Ardente
66%
Quelle image correspond au perron de Liège, symbole de la ville ?
60%
Quel surnom est donné à la course cycliste Liège-Bastogne-Liège, créée en 1892 ? La Doyenne
50%
Dans quel film issu du Marvel Cinematic Universe peut-on apercevoir cette représentation de la gare de Liège-Guillemins ?
8118bc8ba1-450.webp
Les Gardiens de la Galaxie
49%
Lequel de ces mets ou boissons ne fait pas partie des spécialités liégeoises ? Le maitrank
48%
Au cours de quel mois a lieu la Foire de Liège, la plus ancienne kermesse de Belgique ? En octobre
45%
Quel lieu incontournable de Liège fait partie du top 10 des plus extraordinaires escaliers au monde ? La Montagne de Bueren
45%
Quel nom porte la marionnette emblématique de Liège ? Tchantchès
41%
Aucun quiz correspondant
Distribution des résultats
% des personnes avec chaque résultat
Percentile par nombre de réponses
Votre historique - résultats
Vous n’avez pas pris ce quiz depuis la dernière actualisation